Film & video budgets

Saved in:
Bibliographic Details
Main Author: Simon, Deke 1945-
Other Authors: Wiese, Michael 1947-
Format: Book
Language:English
Published: Studio Dity : Michael Wiese Productions, 2001
Edition:3rd ed.
Subjects:
Tags: Add Tag
No Tags, Be the first to tag this record!

MARC

LEADER 00000nam a2200000 i 4500
001 1/75398
008 050414s2001 eng d
020 |a 0-941188-34-5 
035 |l 10077693 
040 |a GR-MY-UA  |b gre  |e aacr 
041 0 |a eng 
082 0 |a 384.830973  |2 (21) 
100 1 |a Simon, Deke  |d 1945- 
245 1 0 |a Film & video budgets /  |c Deke Simon, Michael Wiese 
246 3 3 |a Film and video budgets 
250 |a 3rd ed. 
260 |a Studio Dity :   |b Michael Wiese Productions,   |c 2001 
300 |a xiv, 462 σ.;  |c 23 εκ. 
650 0 0 |a Motion picture industry  |z United States  |x Finance. 
650 0 0 |a Video recordings  |z United States  |x Finance. 
700 1 |a Wiese, Michael  |d 1947- 
852 |a INST  |b LESVOS  |e 20050414  |h 384.830973 SIM  |p 005100029822  |q 005100029822  |t BK  |y 0 
901 |a BIBL1-2005-2 
909 |a Λ  |b 113636 
920 |a ΔΙΕΥΡΥΝΣΗ  |b ΕΠΕΑΕΚ-ΠΤΕ  |y ΛΕΣΒΟΣ  |z 2004-10 
970 |a ΜΑΡΙΝΑΤΟΥ  |b ΜΥΡΣΙΝΗ  |z 2005/04/14